Online systém pre návrh a správu elektronických vizitiek

Saved in:
Bibliographic Details
Main Author: Fagan, Filip (Author)
Other Authors: Ďuďák, Juraj (Thesis advisor)
Format: Manuscript Book
Language:Slovak
Published: 2025
Subjects:
Online Access:http://is.stuba.sk/zp/portal_zp.pl?podrobnosti=176697
Tags: Add Tag
No Tags, Be the first to tag this record!

MARC

LEADER 00000ntm a22000003a 4500
001 stuzp104026
003 SK-STU
005 20250628211115.4
007 ta
008 150427s2015----xo-----f-mn---000-0-slo-d
040 |a STU  |b slo 
041 0 |a slo 
100 1 |a Fagan, Filip  |u 066000  |4 aut  |U MTF Materiálovotechnologická fakulta  |T MTF Ústav aplikovanej informatiky, automatizácie a mechatroniky  |X 121789  |U M6000  |Y 86  |7 121789 
242 0 1 |a Online system for design and management of electronic business cards  |y eng 
245 1 0 |a Online systém pre návrh a správu elektronických vizitiek 
260 |c 2025 
650 4 |a QR kód  |2 slo 
650 4 |a digitálna vizitka  |2 slo 
650 4 |a NFC  |2 slo 
650 4 |a správa kontaktov  |2 slo 
650 4 |a online systém  |2 slo 
650 4 |a digital business card  |2 eng 
650 4 |a online system  |2 eng 
650 4 |a QR code  |2 eng 
650 4 |a NFC  |2 eng 
650 4 |a contact management  |2 eng 
700 1 |a Ďuďák, Juraj  |u 066000  |k Z1  |4 ths  |U MTF Materiálovotechnologická fakulta  |T MTF Ústav aplikovanej informatiky, automatizácie a mechatroniky  |X 53397  |U M6000  |Y 86  |7 A000053397 
856 4 |u http://is.stuba.sk/zp/portal_zp.pl?podrobnosti=176697 
996 |c M* BP-9908  |l MMSKP  |s P  |a 0  |w stuzp104026_0001